000 00703nam a2200265Ia 4500
003 OSt
005 20221005082142.0
006 a|||||r|||| 00| 0
007 ta
008 221004b |||||||| |||| 00| 0 tam d
020 _a8126017880 (hbk)
024 _a109760
037 _cTextual
040 _aCRL
_cCRL
_btam
041 _2tam
_atam
082 _aO31,1(S:55)x, 15P3
100 _aSubramanian A V
245 0 _aSrangarapadyavali
260 _aNew Delhi
_bSahitya Akademi India
_c2003
300 _a224p.
_ccm.
650 _a TAMIL POETRY
650 _aTAMIL LITERATURE
942 _hO31,1(S:55)x, 15P3
_cTEXL
_2cc
999 _c988822
_d988822